Pokémon, groupe de 3 - Statistiques

Statistiques générales
  • Ce quiz a été pris 261 fois
  • Le résultat moyen est 20 sur 36
Statistiques - réponses
Hint Réponse % Correct
Pokémon de départ de Pokémon Rouge et Bleu Carapuce
99%
Pokémon de départ de Pokémon Rouge et Bleu Salamèche
99%
Pokémon de départ de Pokémon Rouge et Bleu Bulbizarre
98%
Types faibles face au type Fée Dragon
83%
Capacité de type Eau qui ont été contenues dans une CS pendant plus d'une génération remake exclus Surf
83%
Les trois "aires" de Pokémon Diamant, Perle et Platine Aire de Combat
80%
Capacité de type Eau qui ont été contenues dans une CS pendant plus d'une génération remake exclus Cascade
79%
Types faibles face au type Fée Ténèbres
78%
Commandant de la Team Galaxie dans Pokémon Diamant et Perle Mars
76%
Types faibles face au type Fée Combat
74%
Pokémon Légendaire de type Sol (unique ou en double-type) Groudon
72%
Commandant de la Team Galaxie dans Pokémon Diamant et Perle Jupiter
72%
Commandant de la Team Galaxie dans Pokémon Diamant et Perle Saturne
72%
Capacité de type Eau qui ont été contenues dans une CS pendant plus d'une génération remake exclus Plongée
69%
Membres du Conseil 4 spécialistes du type Dragon Peter
65%
Pokémon Légendaire de type Sol (unique ou en double-type) Zygarde
54%
Capacités signature d'Apireine Appel Défense
52%
Les trois "aires" de Pokémon Diamant, Perle et Platine Aire de Détente
51%
Capacités signature d'Apireine Appel Attaque
51%
Pokémon Légendaire de type Sol (unique ou en double-type) Démétéros
51%
Capacités ultimes des Pokémon de départ Hydroblast
51%
Capacités ultimes des Pokémon de départ Végé-Attak
51%
Champions d'Arène spécialistes du type Insecte Hector
45%
Capacités signature d'Apireine Appel Soins
44%
Capacités ultimes des Pokémon de départ Rafale Feu
43%
Membres du Conseil 4 spécialistes du type Dragon Aragon
40%
Les trois "aires" de Pokémon Diamant, Perle et Platine Aire de Survie
34%
Champions d'Arène spécialistes du type Insecte Artie
33%
Régions de Pokémon Ranger Almia
31%
Capacités signature de Kyurem et de ses formes Éclair Gelé
31%
Capacités signature de Kyurem et de ses formes Ére Glaciaire
30%
Membres du Conseil 4 spécialistes du type Dragon Dracéna
29%
Capacités signature de Kyurem et de ses formes Feu Glacé
28%
Champions d'Arène spécialistes du type Insecte Violette
27%
Régions de Pokémon Ranger Fiore
13%
Régions de Pokémon Ranger Oblivia
9%
Aucun quiz correspondant
Distribution des résultats
% des personnes avec chaque résultat
Percentile par nombre de réponses
Votre historique - résultats
Vous n’avez pas pris ce quiz